000 00839cam a22002294a 4500
001 15095692
005 20180823032831.0
008 071128r20082007nyua b 001 0 eng
010 _a 2007047827
020 _a9780071597494 (alk. paper)
040 _aDLC
_cDLC
_dDLC
041 _aeng
080 _a796.3523
082 0 0 _a796.3523
_222
100 1 _a48
101 _aEDU
245 1 4 _aThe plane truth for golfers master class :
_cby Jim Hardy with John Andrisani.
504 _aIncludes bibliographical references and index.
906 _a7
_bcbc
_corignew
_d1
_eecip
_f20
_gy-gencatlg
942 _2ddc
_cBK
999 _c47261
_d47261